[Event "Magistral Szmetan Giardelli 2019"]
[Site "Buenos Aires"]
[Date "2019.12.02"]
[Round "2.6"]
[White "Granda Zuniga, Julio E"]
[Black "Flores, Diego"]
[Result "0-1"]
[WhiteElo "2644"]
[BlackElo "2608"]
[Annotator "TA"]
[PlyCount "40"]
[EventDate "2019.12.01"]
[EventType "tourn"]
[EventCountry "ARG"]
[SourceTitle "playchess.com"]
[Source "ChessBase"]
[SourceQuality "1"]

{[%evp 13,74,48,55,48,65,22,28,42,56,16,27,0,16,-5,0,-18,-18,-6,0,-14,-11,0,17,6,3,-89,-74,-87,-75,-108,-92,-83,-23,-38,0,0,412,37,122,94,143,16,90,98,86,-98,-121,-251,-184,-139,-139,-89,70,75,221,0,207,188,184,200,329,331,779]} 1. e4 c5 2. Nf3 e6 3. d4 cxd4 4. Nxd4 a6 5. Bd3 Bc5 6. Nb3 Be7 7. Qg4 g6 8. Nc3 {B42: Sicilian: Kan Variation: 5 Bd3} b5 9. Bd2 $146 ({Predecessor:} 9. Qe2 Nc6 10. O-O d6 11. a4 b4 12. Nd1 a5 13. Bb5 Bd7 14. c4 {1-0 (39) Bologan,V (2641)-Milov,V (2626) Buenos Aires 2000}) 9... Bb7 10. Qe2 {White has an edge.} b4 11. Nd1 Nc6 12. f4 Nf6 13. Nf2 a5 {[%cal Ba6a5,Ba5a4][%mdl 32]} 14. Be3 e5 15. O-O O-O 16. Rad1 a4 {And now ...exf4 would win.} 17. Nd2 d5 {White must now prevent ...d4.} 18. f5 gxf5 19. exf5 (19. exd5 $1 $11 {remains equal.} Qxd5 20. Nf3) 19... Kh8 $17 20. Nf3 Qc7 {Played: Rf8-g8} 0-1

[Event "Magistral Szmetan Giardelli 2019"]
[Site "Buenos Aires"]
[Date "2019.12.03"]
[Round "3.1"]
[White "Flores, Diego"]
[Black "Slipak, Sergio"]
[Result "1-0"]
[WhiteElo "2608"]
[BlackElo "2384"]
[Annotator "TA"]
[PlyCount "57"]
[EventDate "2019.12.01"]
[EventType "tourn"]
[EventCountry "ARG"]
[SourceTitle "playchess.com"]
[Source "ChessBase"]
[SourceQuality "1"]

{[%evp 9,57,29,15,11,38,29,77,45,56,49,54,19,78,46,299,291,287,297,297,279,268,278,260,250,274,245,237,237,245,241,240,243,238,236,233,234,221,218,314,316,309,309,1415,1408,1283,1239,29977,29978,29968,29969]} 1. c4 e6 2. Nf3 d5 3. g3 g6 (3... Nf6 4. Bg2 d4 5. O-O c5 6. e3 Nc6 7. exd4 cxd4 8. d3 Bd6 9. Bg5 h6 10. Bxf6 Qxf6 11. Nbd2 Qe7 12. a3 a5 13. Ne4 Bc7 14. b4 axb4 15. axb4 Rxa1 16. Qxa1 Qxb4 {0-1 (43) Maghsoodloo,P (2673)-Matlakov,M (2692) Sharjah 2019}) 4. d4 Bg7 5. Nc3 Ne7 6. h4 {A13: English Opening: 1...e6} h6 7. Bf4 dxc4 $146 ({Predecessor:} 7... Nbc6 8. Nb5 O-O 9. Nxc7 e5 10. Nxe5 Qxc7 11. Nxg6 Qb6 12. Nxf8 Nxd4 13. Bg2 Qxb2 14. Rc1 {0-1 (14) Jacobsen,B (2280)-Nielsen,J (2260) Silkeborg 1988}) 8. e4 {White is better.} a6 9. Bxc4 b5 10. Bb3 Nd7 (10... c5 $11 {remains equal.}) 11. Rc1 {And now Nxb5! would win.} Nf6 $2 {[%mdl 8192] [#]} (11... c5 $14) 12. Nxb5 $1 $18 {[%mdl 512]} O-O ({But not} 12... axb5 $2 13. Bxc7 Bb7 14. Bxd8 $18) 13. Bxc7 Qd7 14. Nd6 Nc6 15. Ne5 Qxc7 16. Rxc6 Qe7 17. O-O {aiming for Nxg6!} Bb7 18. Rb6 Bxe4 19. Nxe4 Nxe4 {[#]} 20. Nxf7 $1 {[%mdl 512]} Rxf7 (20... Qxf7 21. Bxe6) 21. Rxe6 {[%mdl 64] Double Attack} Qb7 22. Qe2 Nxg3 23. fxg3 Bxd4+ (23... Rxf1+ $142 24. Qxf1 Kh8) 24. Kh2 Rxf1 25. Qxf1 {Re7+ would kill now.} Kh7 $2 {[#]} (25... Kh8 26. Rxg6 Bg7) 26. Qd3 $1 Qg7 27. Qe4 Ra7 28. h5 Bf6 29. Re8 {Accuracy: White = 86%, Black = 30%.} 1-0

[Event "Magistral Szmetan Giardelli 2019"]
[Site "Buenos Aires"]
[Date "2019.12.03"]
[Round "3.2"]
[White "Henriquez Villagra, Cristobal"]
[Black "Granda Zuniga, Julio E"]
[Result "1-0"]
[WhiteElo "2593"]
[BlackElo "2644"]
[Annotator "TA"]
[PlyCount "59"]
[EventDate "2019.12.01"]
[EventType "tourn"]
[EventCountry "ARG"]
[SourceTitle "playchess.com"]
[Source "ChessBase"]
[SourceQuality "1"]

{[%evp 14,59,12,22,12,14,43,40,111,118,107,115,113,113,115,108,101,97,119,66,90,92,146,156,154,165,151,156,222,215,212,209,210,206,216,209,231,213,217,208,206,211,211,208,299,291,306,295]} 1. e4 e5 2. Nf3 Nc6 3. Bc4 Nf6 4. Ng5 d5 5. exd5 Na5 6. Bb5+ c6 7. dxc6 bxc6 8. Bd3 Nd5 {C58: Two Knights: 4 Ng5 d5 5 exd5 Na5 sidelines} 9. h4 (9. Nf3 Bd6 10. O-O Nf4 11. Nc3 Nxd3 12. cxd3 O-O 13. b3 c5 14. Ba3 Nc6 15. Ne4 Nb4 16. Bxb4 cxb4 {½-½ (43) Aronian,L (2765)-Ding,L (2805) Saint Louis 2019}) 9... Be7 10. Qf3 f6 $146 (10... f5 $14) ({Predecessor:} 10... f5 11. Bxf5 Rf8 12. Qh5+ g6 13. Bxg6+ hxg6 14. Qxg6+ Kd7 15. Qe6+ Kc7 16. Qxe5+ {1-0 (40) Bosiocic,M (2599)-Matlakov,M (2700) St Petersburg 2018}) 11. Qh5+ $16 {[%mdl 64] Double Attack} (11. Bxh7 $2 fxg5 12. Bg6+ Kd7 $19) 11... Kd7 {White must now prevent ...Nf4.} 12. Nf7 (12. Nxh7 $2 Nf4 $17) 12... Qe8 {Threatens to win with ...Kc7.} 13. Qg4+ $1 Kc7 {[#]} 14. Qa4 $1 {[%cal Ra4a5]} ({Stronger than} 14. Qxg7 Rg8 $17) 14... Qxf7 15. Qxa5+ Kb8 16. Be4 (16. Nc3 $16) 16... Bb7 17. Nc3 Qe6 {[#]} (17... Bb4 $142 18. Qa4 a5) 18. O-O $1 ({Inferior is} 18. Bxd5 cxd5 19. b3 Bd8 $15) 18... f5 19. Bxd5 $1 cxd5 {[#]} 20. d4 $1 {[%mdl 512]} Rc8 (20... Bxh4 $16 {might work better.} 21. Re1 Bd8) (20... exd4 21. Nb5) 21. Re1 $18 Bd8 22. Qa3 {And now Bf4! would win.} Be7 23. Qb3 e4 24. Bf4+ Bd6 25. Nxd5 {[%cal Bc3d5,Bd5f4,Bf4e6][%mdl 32] Nb4 is the strong threat.} Bxf4 26. Nxf4 Qxb3 27. cxb3 a5 28. Rac1 Ka7 (28... a4 $142 29. b4 a3) 29. Ne6 g6 30. Nc7 {Accuracy: White = 88%, Black = 60%.} 1-0

[Event "Magistral Szmetan Giardelli 2019"]
[Site "Buenos Aires"]
[Date "2019.12.03"]
[Round "3.3"]
[White "Pichot, Alan"]
[Black "Mareco, Sandro"]
[Result "1/2-1/2"]
[WhiteElo "2588"]
[BlackElo "2637"]
[Annotator "TA"]
[PlyCount "64"]
[EventDate "2019.12.01"]
[EventType "tourn"]
[EventCountry "ARG"]
[SourceTitle "playchess.com"]
[Source "ChessBase"]
[SourceQuality "1"]

{[%evp 10,64,15,11,18,7,9,7,7,1,26,28,22,15,14,12,18,14,27,-8,3,-20,0,0,-6,-22,-30,-24,-24,-41,-27,-29,-30,-37,-32,-34,-35,-33,-30,-29,-21,-21,-18,-19,-23,-33,-2,-2,-2,-2,0,0,0,-6,0,-6,0]} 1. e4 e5 2. Nf3 Nc6 3. Bc4 Bc5 4. O-O Nf6 5. d3 d6 6. c3 a5 {C54: Giuoco Piano: 4 c3 Nf6, main lines with 5 d4 and 5 d3} 7. Nbd2 O-O 8. h3 h6 9. Re1 a4 10. Bb5 Bd7 11. Nf1 Ne7 12. Bxd7 Nxd7 13. d4 Bb6 {[#]} 14. Be3 $146 ({Predecessor:} 14. Ng3) 14... d5 15. Nxe5 dxe4 16. Bf4 f5 17. Ne3 Nxe5 18. Bxe5 Ng6 19. Nc4 Nxe5 20. Nxe5 Qd5 21. Qe2 c6 22. g4 Bc7 23. gxf5 Bxe5 24. dxe5 Qxe5 25. Qxe4 Qxf5 26. Qxf5 Rxf5 $15 {[%mdl 4096] Endgame KRR-KRR} 27. Re7 Raf8 28. Rxb7 {The position is equal.} Rxf2 29. Re1 R2f3 30. Kg2 Rf2+ 31. Kg1 R2f3 32. Kg2 Rf2+ {Accuracy: White = 72%, Black = 63%.} 1/2-1/2

[Event "Magistral Szmetan Giardelli 2019"]
[Site "Buenos Aires"]
[Date "2019.12.03"]
[Round "3.4"]
[White "Delgado Ramirez, Neuris"]
[Black "Santiago, Yago De Moura"]
[Result "1-0"]
[WhiteElo "2619"]
[BlackElo "2479"]
[Annotator "TA"]
[PlyCount "43"]
[EventDate "2019.12.01"]
[EventType "tourn"]
[EventCountry "ARG"]
[SourceTitle "playchess.com"]
[Source "ChessBase"]
[SourceQuality "1"]

{[%evp 10,43,0,-19,0,0,0,0,-2,-5,-16,-24,80,87,101,85,87,75,85,42,62,48,43,43,58,52,95,91,98,97,299,294,299,298,310,295]} 1. e4 e6 2. d4 d5 3. exd5 exd5 4. c4 Nf6 5. Nc3 Bb4 6. Bg5 h6 {C01: French: Exchange Variation} (6... O-O 7. Be2 dxc4 8. Bxc4 c5 9. dxc5 Qe7+ 10. Be2 Qxc5 11. Bxf6 gxf6 12. Rc1 Nc6 13. Nf3 Rd8 14. Qa4 {½-½ (41) Minasian,A (2477)-Kotanjian,T (2568) Yerevan 2009}) 7. Bxf6 Qxf6 8. cxd5 O-O {The position is equal.} 9. Nf3 $146 ({Predecessor:} 9. Bc4 c5 10. Nge2 cxd4 11. Qxd4 Qg6 12. O-O Bd6 13. Ne4 Rd8 14. N2g3 {1-0 (32) Grguric,S (1834)-Kolak,M (1748) Osijek 2007}) 9... Re8+ 10. Be2 Qg6 (10... Qe7 $11) 11. O-O $16 {Black must now prevent Qa4.} Bxc3 12. bxc3 Bh3 {[%csl Gh3][%cal Rg6g2]} 13. Ne1 $1 {Hoping for Bh5.} Bf5 14. Nd3 Nd7 {[%cal Bb8d7,Bd7f6,Bf6e4][%mdl 32]} 15. g3 Qd6 ({Avoid the trap} 15... Rxe2 $2 16. Nf4 $18) 16. Nf4 Nf6 17. c4 {[%cal Bc3c4,Bc4c5][%mdl 32]} Ne4 {And now ...g5 would win.} 18. Rc1 Qa3 {[#] Black wants to play ...Nc3.} 19. Bd3 $1 Qxa2 $2 {[#]} (19... Nd6 $16) 20. f3 $1 $18 {White has a decisive advantage.} Nd6 21. c5 Bxd3 22. Qxd3 {Accuracy: White = 69%, Black = 41%.} 1-0

[Event "Magistral Szmetan Giardelli 2019"]
[Site "Buenos Aires"]
[Date "2019.12.03"]
[Round "3.5"]
[White "Hoffman, Alejandro"]
[Black "Ricardi, Pablo"]
[Result "1-0"]
[WhiteElo "2441"]
[BlackElo "2493"]
[Annotator "TA"]
[PlyCount "149"]
[EventDate "2019.12.01"]
[EventType "tourn"]
[EventCountry "ARG"]
[SourceTitle "playchess.com"]
[Source "ChessBase"]
[SourceQuality "1"]

{[%evp 19,149,19,26,33,37,33,64,64,62,57,67,70,102,100,101,114,106,96,94,87,87,88,89,95,89,89,100,94,105,100,136,134,136,129,133,135,147,154,163,162,158,141,156,181,161,151,150,171,168,128,182,175,348,230,232,120,204,206,203,203,232,238,230,210,196,184,208,202,205,155,227,185,185,185,185,185,197,152,141,135,152,142,147,141,141,141,249,245,219,219,197,197,611,595,645,645,627,96,90,96,620,588,588,588,584,584,529,374,12782,12782,8960,6128,5842,5842,5650,5467,5437,5400,5393,5342,5303,5295,5247,5240,5233,5233,5198,5139,5057,4742,4695,4695]} 1. d4 d5 2. c4 dxc4 3. Nf3 Nf6 4. e3 e6 5. Bxc4 c5 6. a3 cxd4 7. exd4 Nc6 8. Nc3 Be7 9. O-O O-O 10. Re1 a6 11. Ba2 {D26: Queen's Gambit Accepted: 4 e3 e6 5 Bxc5 c5 sidelines} b5 12. d5 Nxd5 $146 ({Predecessor:} 12... exd5 13. Nxd5 Nxd5 {1-0 (58) Gritsak,O (2542)-Przybylski,W (2329) Krakow 2006}) 13. Nxd5 {White is slightly better.} exd5 14. Qxd5 Bb7 $1 15. Qh5 $1 {Black must now prevent Bg5.} Qd6 16. Bg5 $1 {And now Rad1 would win.} Rad8 17. Bxe7 Nxe7 {[#]} 18. Ng5 $1 {[%csl Gg5][%cal Rh5h7][%mdl 512]} Qg6 {[#]} 19. Qxh7+ $1 {[%mdl 512]} Qxh7 20. Nxh7 Kxh7 21. Rxe7 {[%mdl 64] Double Attack} Bd5 22. Bxd5 Rxd5 $16 {[%mdl 4096] Endgame KRR-KRR} 23. h4 a5 24. Rb7 Kg6 25. Rc1 Rf5 26. Rc6+ Kh7 27. Rcb6 Rc8 28. Rxb5 Rc1+ 29. Kh2 Rxf2 30. Rxa5 Rcc2 31. Rh5+ Kg6 32. Rg5+ Kh6 33. b3 Rf4 34. Kh3 g6 (34... Rf1 $16 {was necessary.} 35. Rg4 g6) 35. Rg3 Rcf2 $2 (35... Rf1) 36. Rc3 Rf1 37. Rb4 (37. a4 $18) 37... R4f2 (37... Rxb4 $16 38. axb4 Rd1) 38. Kh2 $18 Ra2 39. a4 Rff2 40. Rg3 Rf1 41. Rc4 Rf5 42. Rgg4 Ra3 43. Rc3 Rf2 44. Rgg3 Rb2 (44... Rf4 $16 {was worth a try.} 45. Kh3 Kh5 46. Rg5+ Kh6) 45. Kh3 Ra1 46. Rgf3 $1 {[%cal Rf3f7]} f5 47. Kh2 $1 Kh5 48. Rc8 {aiming for Rh8+.} Kxh4 49. Rh3+ Kg5 {[#]} 50. Rg3+ $1 Kf4 51. Rc4+ Ke5 52. Rxg6 Rxb3 (52... Rf1 $16 53. Rb4 Rf3) 53. Rc5+ Ke4 {[#]} 54. Re6+ $1 Kf4 55. Rf6 Rxa4 $2 (55... Kg5 56. Rfxf5+ (56. Rcxf5+ Kg4 $18) 56... Kg4 57. Rg5+ Kf4 58. g3+ Ke3) 56. Rfxf5+ Ke4 57. Rce5+ Kd4 58. Re2 $2 (58. Rb5 $18 {and White stays clearly on top.}) 58... Ra8 59. Rh5 Rg8 $2 {[%mdl 8192]} (59... Rbb8 $16) 60. Ra2 Rbb8 61. Ra4+ Kc3 62. Rh3+ Kb2 63. Rf4 Kc2 $2 (63... Rbd8 64. g4 Rd2+ 65. Kg3 Rd1) 64. Rf2+ {White is clearly winning.} Kd1 65. Ra3 {Threatening mate with Ra1+.} Ke1 66. Kg1 {Intending Ra1+ and mate.} Ra8 67. Rxa8 Rxa8 {KR-KR} 68. g3 Rg8 69. Kg2 Rg7 70. Rf5 Ke2 71. Rf3 Rg8 72. Ra3 Rg7 73. Ra4 Ke3 74. g4 Rg8 75. Kg3 {Accuracy: White = 74%, Black = 38%.} 1-0

[Event "Magistral Szmetan Giardelli 2019"]
[Site "Buenos Aires"]
[Date "2019.12.03"]
[Round "3.6"]
[White "Felgaer, Ruben"]
[Black "Perez Ponsa, Federico"]
[Result "1-0"]
[WhiteElo "2560"]
[BlackElo "2560"]
[Annotator "TA"]
[PlyCount "41"]
[EventDate "2019.12.01"]
[EventType "tourn"]
[EventCountry "ARG"]
[SourceTitle "playchess.com"]
[Source "ChessBase"]
[SourceQuality "1"]

{[%evp 9,79,-15,12,9,18,2,14,14,16,14,14,17,15,10,16,9,6,12,12,12,11,11,12,3,11,9,27,27,40,10,26,0,19,0,5,-15,-12,-9,0,0,24,28,23,25,503,497,505,505,494,484,484,477,4974,2234,29988,455,460,457,461,456,466,460,459,458,466,467,462,452,491,486,492,485]} 1. e4 c6 2. d4 d5 3. Nc3 {[%cal Bb1c3,Bc3e4,Be4c5][%mdl 32]} dxe4 4. Nxe4 Bf5 5. Nc5 e5 6. Nxb7 {B18: Classical Caro-Kann: 4...Bf5 sidelines} Qb6 7. Nc5 $1 exd4 (7... Bxc5 8. dxc5 Qxc5 9. c3 Nf6 10. Be3 Qe7 11. Ne2 O-O 12. Ng3 Rd8 13. Qc1 Bg6 {½-½ (54) Ivanchuk,V (2738)-Navara,D (2737) Prague 2017}) 8. Nb3 {The position is equal.} Bb4+ 9. Bd2 $1 Bxd2+ 10. Qxd2 c5 11. Bd3 Bxd3 12. Qxd3 $146 {And now Qe4+ would win.} ({Predecessor:} 12. cxd3 Ne7 13. Nf3 O-O 14. O-O Nd7 15. Qg5 Rfe8 16. Rfe1 h6 17. Qh5 Qd6 18. Nfd2 Qd5 19. Qxd5 {½-½ (19) Varga,Z (2459)-Korpa,B (2433) Budapest 2015}) 12... Nf6 13. Qe2+ Kf8 14. Nf3 Nbd7 {Hoping for ...Re8.} 15. O-O g6 16. Rfe1 Kg7 17. Qc4 {Black must now prevent Ng5.} Qd6 18. Rad1 a5 {[%cal Ba7a5,Ba5a4][%mdl 32]} 19. c3 {[%cal Rc3d4]} a4 20. Nc1 {[%cal Rc3d4]} Qd5 21. Qf1 {Played: Qc4-d3} 1-0

[Event "Magistral Szmetan Giardelli 2019"]
[Site "Buenos Aires"]
[Date "2019.12.04"]
[Round "4.1"]
[White "Slipak, Sergio"]
[Black "Perez Ponsa, Federico"]
[Result "1/2-1/2"]
[WhiteElo "2384"]
[BlackElo "2560"]
[Annotator "TA"]
[PlyCount "50"]
[EventDate "2019.12.01"]
[EventType "tourn"]
[EventCountry "ARG"]
[SourceTitle "playchess.com"]
[Source "ChessBase"]
[SourceQuality "1"]

{[%evp 9,50,5,10,-7,0,-2,26,24,18,9,18,16,37,35,31,31,45,52,50,34,72,57,56,29,80,42,42,42,42,46,74,74,74,73,81,15,16,10,25,13,13,0,0]} 1. d4 Nf6 2. c3 b6 3. Bg5 Bb7 4. Bxf6 (4. Nd2 e6 5. Ngf3 Be7 6. g3 c5 7. e3 O-O 8. Bg2 d5 9. O-O Nc6 10. Ne5 Nxe5 11. dxe5 Nd7 12. Bxe7 Qxe7 13. f4 Rad8 {0-1 (41) Slipak,S (2452)-Perez Ponsa,F (2521) Saenz Pena 2014}) 4... gxf6 (4... exf6 5. Nf3 g6 6. Nbd2 f5 7. g3 Bg7 8. Bg2 O-O 9. Nh4 d5 10. e3 Nd7 11. O-O {0-1 (41) Al Sayed,M (2484)-Anton Guijarro,D (2642) St Petersburg 2018}) 5. Nf3 e6 6. g3 {A45: Trompowsky Attack} f5 $146 ({Predecessor:} 6... d5 7. Bg2 Nd7 8. O-O c5 9. c4 dxc4 10. Qa4 a6 11. Qxc4 {1-0 (45) Slipak,S (2457)-Di Giannantonio,N (2397) Montevideo 2018}) 7. Bg2 d6 8. O-O {White has an edge.} Nd7 9. Ne1 d5 10. Nd2 Qf6 11. Nd3 Bd6 12. e3 O-O 13. c4 c6 14. b4 b5 15. cxb5 cxb5 16. Nb3 Rac8 (16... Nb6 $11 {remains equal.}) 17. Nbc5 Bc6 18. Nxd7 Bxd7 19. Nc5 Rc7 20. Qd2 Ra8 21. Rfc1 a5 22. Nxd7 (22. bxa5 $16 Bxc5 23. dxc5) 22... Rxd7 $11 23. bxa5 b4 24. Bf1 {Hoping for Bb5.} Rxa5 25. a4 Rd8 {Accuracy: White = 48%, Black = 36%.} 1/2-1/2

[Event "Magistral Szmetan Giardelli 2019"]
[Site "Buenos Aires"]
[Date "2019.12.04"]
[Round "4.2"]
[White "Ricardi, Pablo"]
[Black "Felgaer, Ruben"]
[Result "0-1"]
[WhiteElo "2493"]
[BlackElo "2560"]
[Annotator "TA"]
[PlyCount "72"]
[EventDate "2019.12.01"]
[EventType "tourn"]
[EventCountry "ARG"]
[SourceTitle "playchess.com"]
[Source "ChessBase"]
[SourceQuality "1"]

{[%evp 16,88,0,-1,2,0,0,-8,-7,-33,-25,-43,-29,-77,-66,-170,-174,-169,-33,-30,-36,-18,-17,-15,-27,-25,-31,-84,-88,-84,-94,-100,-71,-73,-75,-200,-186,-230,-226,-227,-229,-228,-228,-339,-346,-402,-403,-407,-428,-429,-421,-581,-373,-1146,-1151,-1124,-428,-1041,-536,-859,-842,-899,-895,-860,-891,-871,-837,-1180,-927,-1718,-1546,-1518,-1345,-5119,-4071]} 1. e4 c5 2. Nf3 e6 3. g3 Nc6 4. Bg2 Nf6 5. d3 d6 6. O-O Be7 7. c3 O-O 8. Nbd2 Qc7 9. Re1 Rb8 {B30: Sicilian: 2...Nc6 3 Bb5, lines without ...g6} (9... b6 10. a3 Ne5 11. Nxe5 dxe5 12. a4 Ba6 13. Nc4 Bxc4 14. dxc4 Rad8 15. Qc2 a5 16. Bf1 Ne8 17. Bd3 Qd7 {½-½ (31) Ivanchuk,V (2710)-Akopian,V (2648) Doha 2015}) 10. d4 b5 11. a4 $146 ({Predecessor:} 11. Nf1 Bb7 12. Qe2 Qb6 13. Qd3 Rbc8 14. Bd2 d5 15. e5 Ne4 16. Rad1 a5 {½-½ (69) Tajik,S (1992)-Pourkashiyan,A (2282) Teheran 2008}) 11... cxd4 {The position is equal.} 12. cxd4 bxa4 13. Re3 d5 14. Qc2 Qb6 15. e5 (15. Qxa4 $15 Bd7 16. exd5 Nxd5 17. Re1) 15... Ng4 $19 16. Rc3 Nxd4 (16... Bd7 $1 $19 17. Qxa4 Bb4) 17. Nxd4 $15 Qxd4 {[%mdl 64] Double Attack} 18. Nf3 Qe4 19. Rxa4 Bb4 {Hoping for ...Bd7.} 20. h3 Nh6 {aiming for ...Bd7.} 21. Be3 ({White should play} 21. Bf1 $15 Qxc2 22. Rxc2) 21... Bd7 $36 {[%mdl 2048] Black is really pushing.} 22. Rxa7 Bxc3 23. Qxc3 Qb1+ 24. Kh2 Rfc8 25. Qa3 {[#]} (25. Bc5 $17 {only move.} Bb5 26. b4) 25... Be8 $1 $19 26. Nd4 {White wants to play Nxe6!} Nf5 ({Stronger than} 26... Rxb2 {[#]} 27. Nxe6 $1 {[%mdl 512]} Rb4 28. Bd2 $16) ({Don't do} 26... Qxb2 27. Qd6) 27. Nxf5 Qxf5 28. b4 h6 29. h4 (29. Ra5 {is a better defense.}) 29... Rc4 30. b5 Bxb5 31. Qd6 Rbc8 32. Bh3 Qg6 33. Re7 Be8 34. Bxe6 $2 (34. Bf1 Bc6 35. Rc7 Rxc7 36. Qxc7) 34... fxe6 {Black is clearly winning.} 35. Rxe6 Qf7 (35... Qe4 $142 {...d4 is the strong threat.} 36. Re7 Bf7) 36. Re7 (36. Qxd5 $142 Rc2 37. Rd6) 36... Qf3 {Played: Rc4-c6} 0-1

[Event "Magistral Szmetan Giardelli 2019"]
[Site "Buenos Aires"]
[Date "2019.12.04"]
[Round "4.3"]
[White "Santiago, Yago De Moura"]
[Black "Hoffman, Alejandro"]
[Result "1/2-1/2"]
[WhiteElo "2479"]
[BlackElo "2441"]
[Annotator "RC"]
[PlyCount "55"]
[EventDate "2019.12.01"]
[EventType "tourn"]
[EventCountry "ARG"]
[SourceTitle "playchess.com"]
[Source "ChessBase"]
[SourceQuality "1"]
[TimeControl "40/5400+30:1800+30"]

1. c4 {[%emt 0:00:00]} c6 {[%emt 0:00:00]} 2. d4 {[%emt 0:00:30]} d6 {[%emt 0:08:41]} 3. Nf3 {[%emt 0:00:30]} Nd7 {[%emt 0:00:30]} 4. Nc3 {[%emt 0:00:30]} e5 {[%emt 0:00:30]} 5. e4 {[%emt 0:00:30]} Ngf6 {[%emt 0:00:30]} 6. Be2 {[%emt 0:00:30]} Be7 {[%emt 0:00:30]} 7. O-O {[%emt 0:10:41]} O-O {[%emt 0:00:30]} 8. Qc2 {[%emt 0:00:30]} a6 {[%emt 0:00:30]} 9. Rd1 {[%emt 0:00:30]} Qc7 {[%emt 0:00:30]} 10. a4 {[%emt 0:00:30]} a5 {[%emt 0:00:30]} 11. h3 {[%emt 0:07:50]} exd4 {[%emt 0:00:30]} 12. Nxd4 {[%emt 0:00:30]} Nc5 {[%emt 0:00:30]} 13. Bf4 {[%emt 0:00:30]} Re8 {[%emt 0:00:30]} 14. Bf3 {[%emt 0:00:30]} Qb6 {[%emt 0:16:00]} 15. Rd2 {[%emt 0:00:30]} Bf8 {[%emt 0:00:30]} 16. Rad1 {[%emt 0:06:50]} h6 {[%emt 0:00:30]} 17. Nf5 {[%emt 0:08:03]} Bxf5 {[%emt 0:02:57]} 18. exf5 {[%emt 0:00:30]} Qb4 {[%emt 0:05:40]} 19. Bxd6 {[%emt 0:07:30]} Bxd6 {[%emt 0:01:40]} 20. Rxd6 {[%emt 0:00:30]} Qxc4 {[%emt 0:02:30]} 21. Be2 {[%emt 0:00:30]} Qf4 {[%emt 0:11:40]} 22. R6d4 {[%emt 0:00:30]} Qe5 {[%emt 0:00:30]} 23. Bc4 {[%emt 0:00:30]} Re7 {[%emt 0:08:30]} 24. Ne2 {[%emt 0:27:20]} Rae8 {[%emt 0:09:20]} 25. Nf4 {[%emt 0:00:30]} Kh7 {[%emt 0:00:30]} 26. Bxf7 {[%emt 0:15:00]} Rxf7 {[%emt 0:00:30]} 27. Ng6 {[%emt 0:00:30]} Qe2 {[%emt 0:01:40]} 28. R4d2 {[%emt 0:06:40]} 1/2-1/2

[Event "Magistral Szmetan Giardelli 2019"]
[Site "Buenos Aires"]
[Date "2019.12.04"]
[Round "4.4"]
[White "Mareco, Sandro"]
[Black "Delgado Ramirez, Neuris"]
[Result "1/2-1/2"]
[WhiteElo "2637"]
[BlackElo "2619"]
[Annotator "TA"]
[PlyCount "41"]
[EventDate "2019.12.01"]
[EventType "tourn"]
[EventCountry "ARG"]
[SourceTitle "playchess.com"]
[Source "ChessBase"]
[SourceQuality "1"]

{[%evp 9,41,30,27,20,26,0,0,0,16,13,12,20,31,22,32,0,32,0,1,-47,40,25,14,14,33,38,42,0,0,-8,0,-8,0,0]} 1. Nf3 d5 2. e3 g6 3. c4 Nf6 4. d4 Bg7 5. cxd5 Nxd5 6. e4 {D70: Grünfeld: Unusual White 3rd moves (met by ...d5)} Nb6 7. Nc3 (7. Be2 O-O 8. O-O c5 9. d5 e6 10. Nc3 exd5 11. exd5 Bxc3 12. bxc3 Qxd5 {½-½ (87) Grischuk,A (2772)-Mamedyarov,S (2799) Riadh 2017}) 7... Bg4 8. Be3 Nc6 9. d5 Ne5 $1 10. Be2 Nxf3+ 11. gxf3 Bh3 12. Qb3 $146 ({Predecessor:} 12. Bd4 Bxd4 13. Qxd4 O-O 14. f4 e6 15. O-O-O Qh4 {½-½ (49) Erturan,Y (2381)-Tuncer,T (1996) Kemer 2014}) 12... O-O 13. Rd1 Qc8 14. a4 {[%cal Ba2a4,Ba4a5][%mdl 32]} c6 (14... Bg2 $1 $15 15. Rg1 Qh3) 15. a5 $14 Nd7 16. Rg1 Nf6 17. f4 Kh8 18. Bd4 cxd5 {The position is equal.} 19. e5 Ng8 20. Qxd5 Bd7 21. Qc5 {Accuracy: White = 54%, Black = 51%.} 1/2-1/2